000 00501nam a2200169Ia 4500
999 _c28151
_d28151
003 OSt
005 20210107093932.0
008 190216s9999||||xx |||||||||||||| ||und||
040 _coclc
082 _a894.812301
_bBAL/K
100 _aBalakrishnan, C V
_96478
245 0 _aKulirum Mattu Kathakalum /
_cC V Balakrishnan
260 _bPoorna Publications,
_aKozhikode:
_c1999.
300 _a128p
650 _aKathakal
942 _cBK
_2ddc
_h894.812301
_iBAL/K
_k894.812301
_mBAL/K